[Event "Lichtenberger Sommer 2019"]
[Site "Berlin"]
[Date "2019.08.25"]
[Round "9.84"]
[White "Koppe, Cordelia"]
[Black "Lange, Christoph"]
[Result "1-0"]
[WhiteElo "1436"]
[BlackElo "1306"]
[PlyCount "179"]
[EventDate "2019.??.??"]
[WhiteTeam "SV Rüdersdorf"]
[BlackTeam "TSG Oberschöneweide"]

1. d4 d5 2. c4 e6 3. Nc3 Nf6 4. e3 Be7 5. a3 a6 6. b4 O-O 7. Nf3 Nbd7 8. c5 Nb8
9. Ne5 c6 10. Na4 Nfd7 11. Nxd7 Nxd7 12. Bd3 b5 13. Nb2 e5 14. dxe5 Nxe5 15.
Bxh7+ Kxh7 16. Qh5+ Kg8 17. Qxe5 Re8 18. O-O Bf6 19. Qh5 Re5 20. Qe2 Bf5 21.
Ra2 Qd7 22. Nd3 Bxd3 23. Qxd3 Qf5 24. Qe2 Qh7 25. f4 Re4 26. Qg4 Re7 27. Kh1
Qe4 28. Re2 Qe6 29. f5 Qd7 30. Rd1 Re4 31. Qf3 Rae8 32. g4 Qc7 33. Qh3 Bg5 34.
Qf3 Bf6 35. Rde1 Bc3 36. Rg1 Bf6 37. g5 Bd8 38. g6 Bf6 39. Rg3 Kf8 40. Rh3 Bh4
41. Bb2 f6 42. Bd4 Ke7 43. Qh5 Bg5 44. Qf3 Kd8 45. Rh7 Qd7 46. Rg2 Bxe3 47.
Bxe3 Rxe3 48. Qf4 Rxa3 49. Qb8+ Qc8 50. Qxc8+ Kxc8 51. Rxg7 Re1+ 52. Rg1 Raa1
53. Rxe1 Rxe1+ 54. Kg2 Re4 55. Rh7 Rg4+ 56. Kf3 Rg5 57. g7 Rxf5+ 58. Kg4 Rg5+
59. Kh4 d4 60. Rh8+ Kd7 61. g8=Q Rxg8 62. Rxg8 d3 63. Rg2 Ke6 64. Rd2 Kd5 65.
Rxd3+ Kc4 66. Rf3 Kxb4 67. Rf5 a5 68. Kg3 a4 69. Rxf6 Kxc5 70. h4 a3 71. Rf1 b4
72. Ra1 Kc4 73. h5 Kb3 74. h6 Kb2 75. h7 Kxa1 76. h8=Q+ Kb1 77. Qh1+ Kb2 78.
Qg2+ Kb1 79. Qe4+ Kb2 80. Qd4+ Kb1 81. Qxb4+ Ka2 82. Qc3 c5 83. Kf4 c4 84. Ke4
Kb1 85. Qxa3 c3 86. Qxc3 Ka2 87. Qb4 Ka1 88. Kd3 Ka2 89. Kc2 Ka1 90. Qb2# 1-0

[Event "Lichtenberger Sommer 2019"]
[Site "Berlin"]
[Date "2019.08.25"]
[Round "9.85"]
[White "Morczynski, Ryszard"]
[Black "Toth, Hans-Jürgen"]
[Result "1-0"]
[WhiteElo "1304"]
[BlackElo "1401"]
[PlyCount "121"]
[EventDate "2019.??.??"]
[WhiteTeam "SK Zehlendorf"]
[BlackTeam "SF Zehdenick"]

1. e4 e6 2. d4 d5 3. Nc3 Bb4 4. a3 Bxc3+ 5. bxc3 Nc6 6. Bd3 Nge7 7. e5 Na5 8.
Qg4 g6 9. Bh6 Nf5 10. Bg5 Qd7 11. a4 h5 12. Qe2 Qc6 13. Bd2 O-O 14. Nf3 Nc4 15.
Bxf5 Nxd2 16. Qxd2 exf5 17. O-O b6 18. Qh6 f6 19. Qxg6+ Kh8 20. Ng5 Qd7 21. e6
Qg7 22. Qxh5+ Kg8 23. Nf3 Bxe6 24. Rfe1 Rae8 25. Re3 f4 26. Rd3 Bf7 27. Qf5 Qg6
28. Qd7 Rc8 29. Kf1 Rfd8 30. Qh3 Kg7 31. g3 fxg3 32. Ne5 g2+ 33. Kg1 Rh8 34.
Qxh8+ Rxh8 35. Nxg6 Bxg6 36. Rg3 Kf7 37. Kxg2 Bxc2 38. f3 Re8 39. Kf2 Bb3 40.
f4 Rh8 41. h3 Bc2 42. Kg2 Re8 43. Kf2 c5 44. Re3 Re4 45. Rxe4 Bxe4 46. dxc5
bxc5 47. Ke3 a5 48. Ra2 Bf5 49. h4 Be4 50. Rb2 Kg6 51. Rb8 Kh5 52. Rb5 f5 53.
Rxa5 Kxh4 54. Rxc5 Kg4 55. a5 Kh5 56. a6 Kg6 57. a7 Kf7 58. a8=Q d4+ 59. cxd4
Bxa8 60. Rxf5+ Ke6 61. Re5+ 1-0

[Event "Lichtenberger Sommer 2019"]
[Site "Berlin"]
[Date "2019.08.25"]
[Round "9.86"]
[White "Nareyek, Matthias"]
[Black "Eichstädt, Torsten"]
[Result "1-0"]
[WhiteElo "1448"]
[BlackElo "1401"]
[PlyCount "43"]
[EventDate "2019.??.??"]
[WhiteTeam "SV Empor Berlin"]
[BlackTeam "SG NARVA Berlin"]

1. Nf3 Nf6 2. g3 c6 3. Bg2 d5 4. O-O Nbd7 5. d3 e6 6. Nbd2 Be7 7. e4 dxe4 8.
dxe4 e5 9. Nc4 Qc7 10. Nh4 b5 11. Ne3 O-O 12. Nef5 Nc5 13. Nxe7+ Qxe7 14. Qe2
a5 15. Re1 Be6 16. b3 Rac8 17. Bb2 Qc7 18. Rf1 Ne8 19. f4 f6 20. fxe5 fxe5 21.
Rxf8+ Kxf8 22. Qf2+ 1-0